000 00617nam a2200217 a 4500
999 _c4432
_d4432
003 BD-JhCC
005 20171128111841.0
008 171127s1961 Uk a|||| |||| 00| 0 eng d
035 _a(BD-JhCC)
040 _aBD-JhCC
_dBD-JhCC
041 _aeng
082 _a910
_bSTE 1967
100 _aH. Stembridge, Jasper
245 _aThe new world wide geographies :
_bAfrica, Asia, and Australia /
_cJasper H. Stembridge
260 _aLondon :
_bOxford University Press,
_c1961
300 _a320 p. :
_bill. ;
_c22 cm.
490 _aSecond series Book 2
650 _aGeographies
942 _2ddc
_cBK